Manual de direito econômico / (Record no. 502)

MARC details
000 -LÍDER
Campo Fixo de Controle 00776nam a2200253 a 4500
001 - NÚMERO DE CONTROLE
Campo de Controle 502
003 - IDENTIFICAÇÃO DO NÚMERO DE CONTROLE
Campo de Controle BR-CuiBMT
005 - DATA E HORA DA ÚLTIMA ATUALIZAÇÃO
Campo de Controle 20231127031002.0
008 - DADOS FIXOS
Dados Fixos 231108s2015 baba 000 0 por d
020 ## - INTERNATIONAL STANDARD BOOK NUMBER
Nº do ISBN 8544204589
040 ## - AGÊNCIA CATALOGADORA
Código da Agência Catalogadora BR-CuiBMT
Agência que transcreveu o registro BR-CuiBMT
080 ## - Nº DA CLASSIFICAÇÃO DECIMAL UNIVERSAL
Nº edição CDU 2007
Nº Class. CDU 346.1
090 ## - NÚMERO DE CHAMADA
Nº classificação 346.1
Cutter B474m
100 1# - ENTRADA PRINCIPAL -- AUTOR PESSOAL
Nome pessoal Bensoussan, Fabio Guimarães,
Datas associadas ao nome 1973-
245 10 - TÍTULO PRINCIPAL
Título principal Manual de direito econômico /
Indicação de responsabilidade Fabio Guimarães Bensoussan, Marcus de Freitas Gouvêa.
260 ## - PUBLICAÇÃO, DISTRIBUIÇÃO, ETC.
Local de publicação Salvador :
Editora JusPODIVM,
Data 2015.
300 ## - DESCRIÇÃO FÍSICA
N. páginas ou volumes 682 p. :
Ilustrações il. ;
Dimensões 24 cm
504 ## - NOTA DE BIBLIOGRAFIA, ETC.
Nota de bibliografia Inclui bibliografia.
650 ## - ASSUNTO TÓPICO
Cabeçalho tópico ou nome geográfico Direito econômico
Subdivisão geográfica Brasil
650 ## - ASSUNTO TÓPICO
Cabeçalho tópico ou nome geográfico Direito econômico internacional
650 ## - ASSUNTO TÓPICO
Cabeçalho tópico ou nome geográfico Agências reguladoras
700 ## - ENTRADA SECUNDÁRIA -- NOME PESSOAL
Nome pessoal Gouvêa, Marcus de Freitas,
Datas associadas ao nome 1974-
942 ## - ELEMENTOS DE ENTRADA ADICIONAIS (KOHA)
Fonte de classificação ou esquema de arquivamento Classificação Decimal Universal
Tipo de item do Koha Livros
Holdings
Estado: removido Estado: perdido Fonte de classificação ou esquema de arquivamento Estado: danificado Indisponível para empréstimo Localização permanente Localização atual Data de aquisição Total Checkouts Número de Chamada completo Código de barras Date last seen Número do exemplar Preço efetivo a partir de Tipo de item (Koha)
    Classificação Decimal Universal     Biblioteca da Escola Superior de Contas do TCE/MT Biblioteca da Escola Superior de Contas do TCE/MT 08/11/2023   346.1 B474m BIBTCEMT23110263 08/11/2023 Ex. 1 08/11/2023 Livros

Powered by Koha